000 00977nam a22002897a 4500
001 5138
003 FISKH
005 20241107122426.0
008 241107b cb ||||| |||| 00| 0 eng d
020 _a9781407106113
040 _aFISKH
_beng
_cFISKH
_dFISKH
050 _aQ180.2
082 _a535
100 _aArnold, Nick
245 _aFrightening Light /
_cby Nick Arnold
260 _aNew York :
_bScholastic ;
_c1999 .
300 _a169 pages :
_billustrations ;
_c21 cm .
490 _aHorrible Science
505 _aS
520 _aThis is science with the squishy bits left in! What stops your eyeballs from falling out? Why can dead bodies make ghostly glowing lights? How can a laser beam sizzle human flesh? Get the awful answers in "Frightening Light"!
521 8 _a810
_bLexile
521 8 _aS
_bRaz-Plus
650 _achildren's
_vnon-fiction
700 _aSaulles , Tony De
_eillustrator
942 _2ddc
_cBK
_n0
999 _c5138
_d5138